LEADER 00900nam0-22003011i-450- 001 990006488250403321 005 20001010 035 $a000648825 035 $aFED01000648825 035 $a(Aleph)000648825FED01 035 $a000648825 100 $a20001010d--------km-y0itay50------ba 101 0 $aita 105 $ay-------001yy 200 1 $a<>British Press and the Ethiopian Crisis, 1935-1936$fJames Merle Mickell 210 $aAnn Arbor-London$cUniversity Microfilms$d1977. 215 $aVIII, 358 p.$d22 cm 300 $a(Dissertazione) University of Kentucky, 1977. 676 $a072 700 1$aMickell,$bJames Merle$0408942 801 0$aIT$bUNINA$gRICA$2UNIMARC 901 $aBK 912 $a990006488250403321 952 $aXIV E 2233$b23379$fFSPBC 959 $aFSPBC 996 $aBritish Press and the Ethiopian Crisis, 1935-1936$9653275 997 $aUNINA DB $aGEN01 LEADER 01110cam0-22003851i-450- 001 990007203730403321 005 20100316090704.0 010 $a88-14-05043-0 035 $a000720373 035 $aFED01000720373 035 $a(Aleph)000720373FED01 035 $a000720373 100 $a20021021d1994----km-y0itay50------ba 101 0 $aita 102 $aIT 105 $ay-------001yy 200 1 $a<>equa retribuzione nella costituzione e nella giurisprudenza$fLoris Bonaretti$gpresentazione di Guido Zangari 210 $aMilano$cGiuffrè$d1994 215 $aXXIV, 859 p.$d24 cm 300 $aSegue: Appendice 676 $a344 676 $a344.0121 700 1$aBonaretti,$bLoris$0229874 702 1$aZangari,$bGuido$f<1932-2008> 801 0$aIT$bUNINA$gRICA$2UNIMARC 901 $aBK 912 $a990007203730403321 952 $aA-X-66$b6763dip.$fDDRC 952 $aVII Z 142$b27057*$fFGBC 952 $aDPR 29-498$b14182$fDEC 959 $aDDRC 959 $aFGBC 959 $aDEC 996 $aEqua retribuzione nella Costituzione e nella giurisprudenza$966444 997 $aUNINA LEADER 00826nam0-2200301---450- 001 990009158200403321 005 20100322134333.0 035 $a000915820 035 $aFED01000915820 035 $a(Aleph)000915820FED01 035 $a000915820 100 $a20100309d1960----km-y0itay50------ba 101 0 $aeng 102 $aGB 105 $aa-------001yy 200 1 $a<>hæmolytic anæmias$econgenital and acquired$epart 1: the congenital anæmias$fJ. V. Dacie 205 $a2nd ed 210 $aLondon$cChurchill$dc1960 215 $a139 p.$cill.$d22,5 cm 610 0 $aAnemia 700 1$aDacie,$bJohn V.$0302630 801 0$aIT$bUNINA$gRICA$2UNIMARC 901 $aBK 912 $a990009158200403321 952 $a8 A 18$b73$fDMEPE 959 $aDMEPE 996 $aHæmolytic anæmias$9777863 997 $aUNINA